| 000 | 00000nam##2200000za#4500 |
| 001 | 9.639032 |
| 003 | CaOODSP |
| 005 | 20210624221951 |
| 007 | cr ||||||||||| |
| 008 | 150407|2001||||xxc|||||o f|0| 0 fre|d |
| 040 | |aCaOODSP|bfre |
| 043 | |an-cn--- |
| 086 | 1 |aEn21-125/2001F-PDF |
| 110 | 1 |aCanada. |bEnvironnement Canada. |
| 245 | 10|a2001, troisième rapport national du Canada sur les changements climatiques : |h[ressource électronique]|bmesures prises en vertu de la Convention-cadre des Nations Unies sur les changements climatiques |
| 260 | |aOttawa - Ontario : |bEnvironnement Canada |cc2001. |
| 300 | |a295p.|bfigures, graphiques, références, tableaux |
| 500 | |aDonnées de catalogage avant publication (Canada) imprimées dans cette publication. |
| 500 | |aLe n° de catalogue (En21-125/2001F) et l'ISBN (0-660-96639-5) de l'édition imprimée ont été incorrectement copiés dans la version PDF. |
| 590 | |a11-14-Supp|b2011-08-12 |
| 691 | 07|aAccord international|2gcpds |
| 691 | 07|aClimat|2gcpds |
| 775 | 08|t2001 Canada's third national report on climate change : |w(CaOODSP)9.694863 |
| 776 | 0#|tTroisième rapport national du Canada sur les changements climatiques : |w(CaOODSP)9.681701 |
| 856 | 40|ahttp://publications.gc.ca|qPDF|s3084 Ko|uhttps://publications.gc.ca/collections/Collection/En21-125-2001F.pdf |